期刊信息 |
| 索取号 |
D90/FLXF
|
| 题名 |
法理学、法史学(复印报刊资料)
|
| 作者 |
中国人民大学书报资料中心
|
| 分册号 |
|
| 分册名 |
|
| 出版地 |
北京
|
| 出版者 |
中国人民大学书报资料中心
|
| 标准刊号 |
1007-6697
|
| 出版频率 |
月刊
|
| 中图法分类 |
D90
|
| 主题词 |
法的理论; 法学
|
| 电子资源 | |
| |
|
| 000 | 00709nas0 2200217 45 | |
| 001 | 0661971516 | |
| 005 | 20101125154442.34 | |
| 011 | @a1007-6697@dCNY9.00(2005) | |
| 092 | @b80-761 | |
| 100 | @a20060111d km y0chiy0120 ea | |
| 101 | 0 | @achi |
| 102 | @aCN@b110000 | |
| 200 | 1 | @a法理学、法史学(复印报刊资料)@AFa Li Xue、Fa Shi Xue(Fu Yin Bao Kan Zi Liao)@f中国人民大学书报资料中心@FZhong Guo Ren Min Da Xue Shu Bao Zi Liao Zhong Xin |
| 210 | @a北京@c中国人民大学书报资料中心 | |
| 326 | @a月刊 | |
| 606 | 0 | @a法的理论 |
| 606 | 0 | @a法学 |
| 690 | @aD90@v4 | |
| 711 | 0 | @a中国人民大学书报资料中心@AZhong Guo Ren Min Da Xue Shu Bao Zi Liao Zhong Xin |
| 801 | 0 | @aCN@bPFT@c20101125 |
| 905 | @aTJWY@dD90@eFLXF | |
| 法理学、法史学(复印报刊资料)/中国人民大学书报资料中心.-北京:中国人民大学书报资料中心 |
| ISSN 1007-6697:CNY9.00(2005) |
| ● |
| 相关链接: |
|
|
|
|